Conductores eléctricos

Gorde:
Xehetasun bibliografikoak
Formatua: Liburua
Hizkuntza:Spanish
Argitaratua: Heredia, San antonio de Belén: CONDUCEN [19?]
Gaiak:
Etiketak: Etiketa erantsi
Etiketarik gabe, Izan zaitez lehena erregistro honi etiketa jartzen!

MARC

LEADER 00000nam a2200000Ia 4500
003 MV0069
005 20221231144011.0
008 140114s19? cr a 000 ||spa d
040 |c cru CEDI 
090 |a MV 69 
245 |a Conductores eléctricos  
260 |a Heredia, San antonio de Belén: CONDUCEN  |c [19?] 
300 |a  [22] páginas : ilustraciones 
650 |x CABLES ELECTRICOS  |9 21557 
942 |c MX 
999 |c 15435  |d 15435